Особенности функционирования саморегулируемой организации оценщиков в современных условиях; Энергия молодых - экономике России; Ч. 2

Dades bibliogràfiques
Parent link:Энергия молодых - экономике России=Energy of Youth for Russian Economy: сборник научных трудов XIV Международной научно-практической конференции студентов и молодых ученых, г. Томск, 9-11 апреля 2013 г./ Национальный исследовательский Томский политехнический университет (ТПУ) ; Вольное экономическое общество России ; Международный союз экономистов (МСЭ) ; ред. коллегия В. В. Еремин ; Ю. С. Нехорошев ; Г. А. Барышева ; И. Е. Никулина ; Т. Б. Варлачева ; И. В. Кащук ; Е. Ю. Маталасова.— , 2013
Ч. 2.— 2013.— [С. 190-192]
Autor principal: Ключагина Е. С.
Sumari:Заглавие с титульного экрана
Idioma:rus
Publicat: 2013
Col·lecció:Теория и практика антикризисного управления
Matèries:
Accés en línia:http://www.lib.tpu.ru/fulltext/c/2013/C23/V2/066.pdf
Format: MixedMaterials Electrònic Capítol de llibre
KOHA link:https://koha.lib.tpu.ru/cgi-bin/koha/opac-detail.pl?biblionumber=245720

MARC

LEADER 00000naa2a2200000 4500
001 245720
005 20260114103914.0
035 |a (RuTPU)RU\TPU\book\267143 
035 |a RU\TPU\book\267130 
090 |a 245720 
100 |a 20131115d2013 k y0rusy50 ca 
101 0 |a rus 
102 |a RU 
135 |a drnn ---uucaa 
181 0 |a i  
182 0 |a b 
200 1 |a Особенности функционирования саморегулируемой организации оценщиков в современных условиях  |f Е. С. Ключагина 
203 |a Текст  |c электронный 
225 1 |a Теория и практика антикризисного управления 
300 |a Заглавие с титульного экрана 
320 |a [Библиогр.: с. 192 (4 назв.)] 
337 |a Adobe Reader 
461 1 |0 (RuTPU)RU\TPU\book\262955  |t Энергия молодых - экономике России  |l Energy of Youth for Russian Economy  |o сборник научных трудов XIV Международной научно-практической конференции студентов и молодых ученых, г. Томск, 9-11 апреля 2013 г.  |o в 2 ч.  |f Национальный исследовательский Томский политехнический университет (ТПУ) ; Вольное экономическое общество России ; Международный союз экономистов (МСЭ) ; ред. коллегия В. В. Еремин ; Ю. С. Нехорошев ; Г. А. Барышева ; И. Е. Никулина ; Т. Б. Варлачева ; И. В. Кащук ; Е. Ю. Маталасова  |d 2013 
463 1 |0 (RuTPU)RU\TPU\book\262959  |t Ч. 2  |v [С. 190-192]  |d 2013 
610 1 |a труды учёных ТПУ 
610 1 |a электронный ресурс 
610 1 |a функционирование 
610 1 |a саморегулирующие процессы 
610 1 |a организации 
610 1 |a оценщики 
610 1 |a современные условия 
700 1 |a Ключагина  |b Е. С. 
801 2 |a RU  |b 63413507  |c 20131115  |g RCR 
856 4 |u http://www.lib.tpu.ru/fulltext/c/2013/C23/V2/066.pdf 
942 |c CF